00527nam a2200193Ia 4500008004100000041001200041082001100053100002500064245003900089260006300128300000800191365000800199520001200207546001200219630003900231650001200270655001200282730003900294101110s9999 xx 000 0 und d aMARATHI bJR4758 aPatange Ramesh (Ed.) aRashtra-rushi shriguruji khand - 2 c2005bSaptahik Vivek (Hindustan Prakashan Sanstha), Mumbai a250 b350 aMarathi aMARATHI aRashtra-rushi shriguruji khand - 2 aMarathi aMarathi aRashtra-rushi shriguruji khand - 2